000
00286nam a22001337a 4500
008
181107b xxu||||| |||| 00| 0 eng d
020
_a
9781559634823
041
_a
eng
080
_a
573
100
_a
9
101
_a
MJE
245
_a
Holding Our Groujnnd
_c
Tom.D
942
_2
udc
_c
BK
999
_c
52082
_d
52082